000
00395nam a2200157Ia 4500
008
090124s9999 xx 000 0 und d
082
_b
127467
245
_a
भुवन शोम
250
_a
1
260
_c
1997
300
_a
96
630
_a
भुवन शोम
700
_a
महाम्बरे अरुंधती
730
_a
भुवन शोम
942
_c
BOOK
999
_c
173556
_d
173556